Introducción a la mecatrónica y los sistemas de medición

সংরক্ষণ করুন:
গ্রন্থ-পঞ্জীর বিবরন
প্রধান লেখক: Alciatore, David G (Author), Histand, Michael B (Author)
বিন্যাস: গ্রন্থ
ভাষা:স্প্যানিশ
প্রকাশিত: Ciudad de México McGraw Hill 2008
সংস্করন:3a. ed
বিষয়গুলি:
ট্যাগগুলো: ট্যাগ যুক্ত করুন
কোনো ট্যাগ নেই, প্রথমজন হিসাবে ট্যাগ করুন!

MARC

LEADER 00000nam a2200000 a 4500
001 UCI7315
003 CL-VaPUC
008 080626e20080000MX |||||||||||||||||spa|d
020 |a 9789701063859 
082 0 4 |a 621.38  |b ALC  |2 21 
100 0 |a Alciatore, David G  |e author  |9 530527 
700 0 |a Histand, Michael B  |e author  |9 530528 
245 1 0 |a Introducción a la mecatrónica y los sistemas de medición 
250 |a 3a. ed 
300 |a 509 p 
942 |c BK 
945 |d 20080626 00:00:00  |a rbrito 
260 |a Ciudad de México  |b McGraw Hill  |c 2008 
650 0 |a Mecatrónica   |9 530529 
650 7 |a SISTEMAS DE MEDICION  |2 CL-VaPUC  |9 453703 
650 0 |a Circuitos eléctricos   |9 260262 
650 0 |a Semiconductores  |9 260250 
650 0 |a Amplificadores   |9 338119 
650 7 |a CIRCUITOS DIGITALES  |2 CL-VaPUC  |9 470204 
650 7 |a MICROCONTROLADORES  |2 CL-VaPUC  |9 356861 
650 0 |a Sensores  |9 306935 
583 |a last modification  |c 20080626 00:00:00  |k Rodrigo Vera 
999 |c 330636  |d 330634 
952 |0 0  |1 0  |2 ddc  |4 0  |6 621_380000000000000_ALC_2008  |7 0  |8 A  |9 416287  |a BIBING  |b BIBING  |c RES  |d 2019-11-22  |i 4452208  |o 621.38 ALC 2008  |p 4452208  |r 2025-01-20  |w 2019-11-22  |y BK  |k EIE